Mario Odyssey Capture Liste - Statistiken

Allgemein
  • Dieses Quiz wurde 136 mal gespielt
  • Das Durchschnittsergebnis liegt bei 21 aus 52
Antwortstatistiken
Hint Nummer Antwort % Korrekt
Erste Carperung, die sehr hoch springen kann 1 Frosch
98%
Der große Dino kann verschiedene Blöcke zerstören 7 T-Rex
89%
Klassischer Gegner aus den Mario-Spielen, der auf Eis laufen kann ohne zu rutschen 12 Gumba
85%
Ihn braucht man, um den ersten Powermond frei zulegen 4 Kettenhund
85%
Mit dieser Energie geladenen Carperung verlässt man das Hutland 2 Stromgenerator
84%
Der Hund von Madame Broode ist dauerhaft an ihrer Leine 6 Madame Broodes Kettenhund
82%
Ein bekannter Gegner, der vor allem im Hutland am Fliegen ist 3 Para-Gumba
78%
Ein schneller "Jet" der durch die Luft fliegen und Steine zerstören kann 9 Kugelwilli
75%
Der große Antagonist von Mario 48 Bowser
60%
Ein Fisch, den man unter Wasser steuern kann 18 Cheep-Cheep
59%
Er fischt auf einer Wolke und zieht einen bei Mario Kart uf die Strecke zurück 16 Lakitu
58%
Dieser Fisch kann im kalten Wasser des Polarlandes schwimmen und tauchen 35 Cheep-Cheep (Polarland)
54%
Etwas das zum Beispiel Jacken öffnen oder schließen kann; kommt vor allem im Seeland vor 17 Reißverschluss
52%
Eine rote Schildkröte, die mit Feuer werfen und Saltos machen kann 22 Feuer-Bruder
51%
Diese Pflanze kann Feuer spucken 41 Feuer-Piranha-Pflanze
51%
Diese Giftspuckende Pflanze kommt vor allem im Forstland vor 20 Gift-Piranha-Pflanze
49%
Mit diesem Gerät, kann man so ziemlich alles zerschießen, was einem in die Quere kommt 23 Shermützler
47%
Diese Statue kann zerbrechlichen Stein durchbrechen und so vor allem auf der Shop-Insel im Bowserland für Monde sorgen 43 Jizo
46%
Dieses gelbe Auto nimmt einen mit in eine Subarea 31 Taxi
46%
Dieser hüpfende Kopa kann Käse zerstören 39 Hammer-Bruder
44%
Dieses Kleine Fahrzeug kann man durch einen Menschen steuern 32 Rc-Auto
42%
Im verloren Land können diese Raupen sich sehr lang strecken 28 Tropen-Wiggler
41%
Eine stachelige Pflanze 11 Kaktus
40%
Im Cityland gibt es diese Deckel mitten in der Straße, die den Weg in mehrere Subareas versperren 30 Kanaldeckel
39%
Bestandteil des Bosses im Wüstenland 13 Faustezumas Hand
38%
Bei dieser Herausforderung muss man die Teile eines Gumbas zu einem Gesamtbild zusammen führen 27 Gesichterpuzzleteil (Gumba)
38%
Bei dieser Herausforderung muss man die Teile von Mario zu einem Gesamtbild zusammen führen 51 Gesichterpuzzleteil (Mario)
38%
Im Herzen des Waldes stehen diese Pflanzen ohne die es den Wald nicht geben würde 25 Baum
34%
Dieser grüne Kumpelkann früchte essen und seinen Flatterflug durchführen 52 Yoshi
32%
Die Bewohner des Schlemmerlandes 38 Schlemmerling
31%
In der Mondhöhle können diese "toten Koopas" über der Lava fliegen 45 Para-Knochentrocken
30%
Auf dem Pökelplateau liegt dieses Lebensmittel, dass den Chefgock anlocken soll 40 Fleischstück
29%
Aus diesen Carperungen werden Wörter entstehen; Aus ihnen besteht das Alphabet 49 Buchstaben
28%
Mit diesem Vogel kann man viele Wände im Bowserland erklimmen 42 Piekmatz
26%
im Schlemmerland kann man mit dieser Carperung durch die Lava reiten 37 Hothead
22%
Mit ihr kann man fliegend in eine neue Ladezone eintreten 14 Minirakete
21%
Eine Statue vom Antagonisten dieses Spiels, die in der Mondhöhle steht 44 Bowser-Statue
19%
Dieser Gegner kann mit Münzen schießen 24 Krötsus
19%
Zwiebel, die einen Blumentopf über dem Kopf trägt. Kann sich mit Wurzeln als Füßen in die Höhe strecken. 21 Mieswurz
19%
Eine echsenartige Kreatur, die sehr gut gleiten kann. 15 Segelmander
19%
Er spielt Football und kann durch vieles einfach hindurch rennen 47 Football-Chuck
18%
Mit ihm kann man Dinge in der Luft genauer betrachten 8 Teleskop
18%
--> Reliefstück 19 Reliefstück
17%
Im Küstenland kann diese Carperung durch Wasserkontakt aufgeladen werden und dann durch die Luft fliegen 36 Düsenkrake
16%
Im Wüstenland macht er unsichtbare Steine sichtbar 10 Röntgolith
16%
Dort gibt es auch größere Steine, die man bewegen kann 26 Felsen
15%
--> Schlottersportler 34 Schlottersportler
13%
Im Cityland gibt es viele bewegliche Pfähle die einen lang in die Luft schleudern können 29 Elastopfahl
11%
Die größere Version vom oberen Gegner 5 Maxi-Kettenhund
11%
Ebenfalls in der Mondhöhle finden sich die große Version von den kleinen "Jets", die auch aus Mario Kart bekannt sind 46 Riesen-Kugelwilli
11%
--> Verteilerblock 50 Verteilerblock
11%
Durch Pusten kann diese Carperung, welche im Polarland auftritt, alles mögliche von sich weg wehen 33 Orkoschi
9%
Keine übereinstimmenden Quizze gefunden
Verteilung der Resultate
Anzahl Personen mit jedem Resultat
Perzentil nach korrekt beantworteten Fragen
Ihre Resultats-Entwicklung
Sie haben dieses Quiz noch nicht gespielt